Destinos del Aeropuerto Int. de Tocumen (Panama) - Estadísticas

Estadísticas generales
  • Esta prueba ha sido intentada 49 veces
    16 desde el último reinicio
  • La puntuación promedio es 66 de 93
Estadísticas de respuestas
Aerolíneas Destino % Correcto
Copa AirlinesDelta Airlines Atlanta
100%
AviancaCopa Airlines Bogotá
100%
Copa Airlines Brasilia
100%
Copa Airlines Buenos Aires
100%
Copa Airlines Cali
100%
Copa Airlines
Estelar Latinoamérica
Venezolana
Caracas
100%
Copa Airlines Ciudad de Guatemala
100%
AeroméxicoCopa Airlines Ciudad de México
100%
Copa Airlines Kingston
100%
Copa Airlines La Habana
100%
Copa Airlines Lima
100%
Copa Airlines Los Ángeles
100%
Copa Airlines Medellín
100%
American AirlinesCopa Airlines Miami
100%
Copa Airlines Monterrey
100%
Copa Airlines Nueva York
100%
Copa Airlines Orlando
100%
Copa Airlines Río de Janeiro
100%
AviancaCopa Airlines San José (CR)
100%
Copa Airlines San José del Cabo
100%
AviancaCopa Airlines San Salvador
100%
Copa Airlines Santiago de Chile
100%
Copa Airlines Santiago de los Caballeros
100%
Copa Airlines Santo Domingo
100%
Copa Airlines São Paulo
100%
Copa Airlines Tegucigalpa-Comayagua
100%
KLM Ámsterdam
83%
Copa Airlines Asunción
83%
Copa Airlines Barranquilla
83%
Copa Airlines Boston
83%
Copa Airlines Cancún
83%
Copa Airlines Cartagena de Indias
83%
Copa Airlines Chicago
83%
Copa Airlines Córdoba
83%
Copa Airlines Guayaquil
83%
United Airlines Houston
83%
Air EuropaIberia Madrid
83%
Copa Airlines Managua
83%
Copa Airlines Mendoza
83%
Copa Airlines Montevideo
83%
Air France París
83%
Copa Airlines Punta Cana
83%
Copa Airlines Quito
83%
Copa Airlines San Diego
83%
Copa AirlinesUnited Airlines San Francisco
83%
Copa Airlines San Juan
83%
Copa Airlines Santa Cruz de la Sierra
83%
Copa Airlines Toronto
83%
Copa Airlines Belo Horizonte
67%
Copa Airlines Bridgetown
67%
Copa Airlines Cúcuta
67%
Turkish Airlines Estambul
67%
Copa Airlines Fort Lauderdale
67%
Condor Fráncfort
67%
Copa Airlines Georgetown
67%
Cayman Airways Gran Caimán
67%
Copa Airlines Guadalajara
67%
Copa Airlines Manaos
67%
Copa Airlines Manta
67%
Copa Airlines Nasáu
67%
Copa Airlines Paramaribo
67%
Copa Airlines Pereira
67%
Copa Airlines Salta
67%
Copa Airlines San Pedro Sula
67%
Copa Airlines Tampa
67%
Copa Airlines Willemstad
67%
Copa Airlines Austin
50%
Copa Airlines Bucaramanga
50%
Copa Airlines Chiclayo
50%
Copa Airlines David
50%
Copa Airlines Denver
50%
Copa Airlines Las Vegas
50%
Copa Airlines Montreal
50%
United Airlines Newark
50%
Copa Airlines Oranjestad
50%
Copa Airlines Philipsburg
50%
Copa Airlines Porto Alegre
50%
Copa Airlines Puerto España
50%
Copa Airlines Rosario
50%
Copa Airlines Santa Marta
50%
Copa Airlines Washington D. C.
50%
Copa Airlines Ciudad de Belice
33%
Copa Airlines Montego Bay
33%
Copa Airlines San Andrés
33%
WestJet Calgary
17%
Copa Airlines Florianópolis
17%
Copa Airlines Puerto Plata
17%
Copa Airlines Raleigh
17%
Copa Airlines Salvador de Bahía
17%
Copa Airlines San Miguel de Tucumán
17%
Copa Airlines Baltimore
0%
Sunrise Airways Cabo Haitiano
0%
Copa Airlines Santa Clara
0%
No se encontraron pruebas coincidentes
Distribución de puntuación
Porcentaje de gente con cada puntuación
Porcentaje por número respondido
Historial de tus puntuaciones
No has intentado esta prueba desde el último reinicio